Synthesis and characterization of forsterites for potential use as cathode materials in magnesium battery /
Saved in:
| Main Author: | |
|---|---|
| Format: | Thesis Book |
| Language: | English |
| Published: |
2018.
|
| Subjects: | |
| Online Access: | http://studentsrepo.um.edu.my/11966/ |
| Tags: |
Add Tag
No Tags, Be the first to tag this record!
|
| LEADER | 01434nam a2200361 i 4500 | ||
|---|---|---|---|
| 001 | u1136638 | ||
| 003 | SIRSI | ||
| 005 | 202009071006 | ||
| 008 | 200907s2018 my a m 000 0 eng | ||
| 040 | |a UMM |d AUM |e rda | ||
| 090 | |a Q180 |b UMP 2018 Sitht | ||
| 100 | 0 | |a Siti Hafizha Tamin, |e author. | |
| 245 | 1 | 0 | |a Synthesis and characterization of forsterites for potential use as cathode materials in magnesium battery / |c Siti Hafizha binti Tamin. |
| 264 | 1 | |c 2018. | |
| 300 | |a xix, 133 leaves, 2 unnumbered leaves : |b illustrations (some colour) ; |c 30 cm | ||
| 336 | |a text |2 rdacontent | ||
| 337 | |a unmediated |2 rdamedia | ||
| 337 | |a computer |2 rdamedia | ||
| 338 | |a volume |2 rdacarrier | ||
| 338 | |a computer disc |2 rdacarrier | ||
| 502 | |b M.Phil. |c Institut Pengajian Siswazah, Universiti Malaya |d 2018. | ||
| 504 | |a Bibliography: leaves 119-132. | ||
| 530 | |a Also issued in CD. | ||
| 650 | 0 | |a Forsterite. | |
| 650 | 0 | |a Cathodes. | |
| 650 | 0 | |a Lithium cells. | |
| 650 | 0 | |a Storage batteries. | |
| 710 | 2 | |a Universiti Malaya. |b Institut Pengajian Siswazah, |e degree granting institution. | |
| 856 | 4 | 1 | |u http://studentsrepo.um.edu.my/11966/ |
| 900 | |a HH NSM | ||
| 596 | |a 1 25 | ||
| 999 | |a Q180 UMP 2018 SITHT |w LC |c 1 |i A517053417 |f 10/9/2020 |g 1 |l STACKS |m P01UTAMA |r Y |s Y |t TESIS |u 10/9/2020 |1 STEM | ||
| 999 | |a Q180 UMP 2018 SITHT |w LC |c 1 |i A517054854 |f 14/12/2020 |g 1 |l STACKS |m P25UMARCHI |r N |s Y |t CD |u 14/12/2020 |1 STEM |o .STAFF. MST-CD5009 | ||
